000 01821nam a22002537a 4500
003 GBCCL
005 20260121133647.0
008 260121b |||||||| |||| 00| 0 eng d
020 _a 9780281086399
020 _a9780281086382
040 _cGBC
082 _a262
_bMCG 1
100 _aMcGinley, John
245 _a The church of tomorrow :
_bbeing a Christ centred people in a changing world /
_cJohn McGinley
260 _aLondon,
_bSociety for Promoting Christian Knowledge,
_c2023
300 _axix, 162 pages
505 _a"What if what we are witnessing is not the decline of the Church but it's rebirth? The rates of decline in church attendance and the ticking demographic timebomb show that business as usual will lead to extinction. But out of these ashes there are countless reasons to hope. Signs and stories emerging from worshipping communities the world over can give us renewed confidence that, as always, God is doing a 'new-old' thing. The Church that is emerging amid times of uncertainty is growing, alive and demonstrating the qualities of the early church recorded in the New Testament, one that is more diverse, more spirit-filled, more confident in the Gospel, calling, equipping and sending people to make disciples in all nations. Written for ordained and lay leaders at all levels, this book will help you navigate these changing times in light of the immovable knowledge that God is always on the move."--Publisher
505 _a1. Jesus is Lord 2. Dependent upon the Holy Spirit 3. Confident in the gospel 4. A disciple-making community 5. Churches that plant churches 6. A diverse leadership 7. A holy people 8. Prioritizing prayer
650 _aChristian Church
650 _aChristian Life
650 _aChurch renewal
650 _aLeadership
942 _2ddc
_cBK
_n0
999 _c11129
_d11129